000 00400nam a22001457a 4500
005 20260109161504.0
020 _a9780128244470
245 _aTensors for data processing: theory, methods and applications
260 _aLondon
_bAcademic press
_c2022
300 _axix+576
650 _aNeuroimaging
_97641
650 _aComputation
_97642
700 _aLiu, Yipeng (Editor)
_97643
942 _2ddc
_cBK
999 _c754921
_d754921